Statistics for Detectives By Picture

Click here to take the quiz!

General Stats

  • This quiz has been taken 29 times
  • The average score is 4 of 16

Answer Stats

Answer% Correct
Sherlock Holmes
92%
Hercule Poirot
79%
Ace Ventura
75%
Sam Spade
42%
Perry Mason
38%
Benoit Blanc
21%
Cormoran Strike
21%
Irwin "Feltch" Fletcher
21%
Adam Dalgliesh
13%
Mike Hammer
13%
Scooby Gang
13%
Arkady Renko
4%
Auguste Dupin
4%
Fingerling
4%
Kyoko Kirigiri
4%
Lew Archer
4%

Score Distribution

Percentile by Number Answered

Percent of People with Each Score

Your Score History

You have not taken this quiz